The Massachusetts review.

Bibliographic Details
Corporate Authors: Amherst College, Mount Holyoke College, Smith College, University of Massachusetts (Amherst campus)
Format: Journal
Language:English
Published: Amherst : Massachusetts Review, Inc., 1959-
Subjects:
Online Availability: Check for online availability

MARC

Tag First Indicator Second Indicator Subfields
LEADER 00000cas a2200000 a 4500
001 in00002784931
005 20151202172134.0
006 m o d
007 cr |||||||||||
008 011119c19599999mauqr poo 0 0eng d
010 |a  2009235202 
019 |a 44653931 
022 |y 0025-4878 
029 1 |a OCLCS  |b 10608 
029 1 |a OCLCS  |b OP-821 
029 1 |a NZ1  |b 8691891 
029 1 |a AU@  |b 000024298174 
029 1 |a NZ1  |b 13969517 
035 |a (OCoLC)ocm48455320 
035 |a (OCoLC)48455320  |z (OCoLC)44653931 
040 |a SNN  |c SNN  |d OCLCQ  |d UX1  |d AUD  |d EYM  |d HUL  |d OCLCQ  |d TXA  |d UtOrBLW 
042 |a lcd 
049 |a TXAM 
050 1 4 |a AS30.M3  |b A22 Electronic 
082 0 |a 051 
245 0 4 |a The Massachusetts review. 
246 1 3 |a MR 
264 1 |a Amherst :  |b Massachusetts Review, Inc.,  |c 1959- 
321 |a Quarterly 
336 |a text  |b txt  |2 rdacontent 
337 |a computer  |b c  |2 rdamedia 
338 |a online resource  |b cr  |2 rdacarrier 
362 1 |a Began with: Vol. 1, no. 1 (Oct. 1959). 
500 |a Description based on: Volume 1, number 1 (Oct. 1959); title from title page (JSTOR, viewed Mar. 6, 2009). 
500 |a Latest issue consulted: Volume 44, number 4 (Winter 2003/04) (JSTOR, viewed Mar. 6, 2009). 
550 |a Published independently with the support and co-operation of Amherst College, Mount Holyoke College, Smith College, the University of Massachusetts, 1961- 
500 |a Electronic resource. 
650 0 |a Literature  |v Periodicals. 
650 0 |a Arts  |v Periodicals. 
650 0 |a Current events  |v Periodicals. 
710 2 |a Amherst College. 
710 2 |a Mount Holyoke College. 
710 2 |a Smith College. 
710 2 |a University of Massachusetts (Amherst campus) 
776 0 8 |i Also issued in print:  |t Massachusetts review  |x 0025-4878  |w (DLC) 61019086  |w (OCoLC)1640212 
948 |a cataloged  |b h  |c 2012/12/18  |d c  |e spoltoratski  |f 2:59:43 pm  |g sc 
994 |a C0  |b TXA 
999 |a MARS 
999 f f |s f969d666-ff9f-3b1e-a00f-2f2df3e4b3d7  |i 2dbcc0be-b171-3256-baf7-f6fdbe25a53c  |t 0 
952 f f |a Texas A&M University  |b College Station  |c Electronic Resources  |d Available Online  |t 0  |e AS30.M3 A22  |g Electronic  |h Library of Congress classification 
998 f f |a AS30.M3 A22  |t 0  |l Available Online